000 00560nam a22002177a 4500
001 8863
003 BD-RjUL
005 20211208234651.0
008 140119s1948 un ||| |||| 001 0 eng d
035 _a(BD-RjUL)8908
040 _aBD-RjUL
_beng
_cBD-RjUL
041 _aeng
082 0 4 _219
_a541.369
_bLIT
100 1 _aLighty,Lester C
_927557
245 0 0 _aThermodynamics /
_cLighty,Lester C
260 _aLondon :
_bMcGraw-Hill ,
_c1948
300 _axiii,335p. :
_c22cm.
504 _aIncludes Index
650 0 _aThermodynamics.
_927558
942 _2ddc
_cBK
999 _c8863
_d8863